Piosenki zespołu IRA - nagła śmierć - Statystyki

Ogólne statystyki
  • Ten quiz został rozwiązany 91 razy
  • Średni wynik to 5 z 9
Answers on the Grid
Answers color-coded by a green-red scale on the quiz's grid according to % correct below.
Nadzieja
Bo jesteś Ty
Ona jest ze snu
To co chciałbym Ci dać
Rapapara
Środa czwartek
Konik na biegunach
Kocham Cię jak Irlandię
Nie daj mi odejść
Wybacz
Szminki róż
Wszystko jedno
Wiara
Barcelona
Zawsze tam gdzie Ty
Mój dom
Mój jest ten kawałek podłogi
Biała armia
Szczęśliwego Nowego Yorku
Nie dokazuj
Dmuchawce, latawce, wiatr
Dlaczego nic
Co mi Panie dasz
Powtarzaj to
 
Statystyki odpowiedzi
Odpowiedź % Poprawnych
Ona jest ze snu
89%
Nadzieja
86%
Szczęśliwego Nowego Yorku
62%
Wiara
57%
Nie daj mi odejść
51%
Powtarzaj to
51%
Wybacz
51%
Mój dom
49%
Dlaczego nic
44%
Nie znaleziono quizów pasujących do podanych kryteriów
Rozkład punktacji
Procent ludzi z każdym wynikiem
Percentyl według liczby udzielonych odpowiedzi
Twoja historia wyników
Nie rozwiązałeś tego quizu